000 01123cam a2200241 4500
001 ABS68128
008 040819n2004 000 0 eng u
035 _a(Sirsi) u127111
100 _aRobinson, J.
245 4 _aThe environmental assessment of plans and programmes
260 _c2004
490 _aJournal of Planning and Environment Law
_v August 2004, 1028-1048(21)
520 _aThe Strategic Environment Assessment (SEA) directive (Directive 2001/42/EC) came into force 21 July 2004 and fills the gap not covered by the environmental impact assessment directive (Directive 85/337/EC). The SEA directive requires the transparent assessment of the likely environmental effects of developing and planning a wide range of plans and programmes. This article considers issues arising from the introduction of SEA at EC and national levels.
590 _aABS
590 _aABS
650 _aDIRECTIVE 2001/42/EC
650 _aDIRECTIVE 85/337/EEC
650 _aENVIRONMENTAL IMPACT ASSESSMENTS
650 _aPLANNING POLICY
690 _aENVIRONMENT-AUDIT/ASSESSMENT
700 _aElvin, D.
942 _n0
999 _c117870
_d117870